Piosenki TOP 20 Polska - styczeń 2025 - Statystyki

Ogólne statystyki
  • Ten quiz został rozwiązany 67 razy
  • Średni wynik to 4 z 20
Statystyki odpowiedzi
Autor Piosenka % Poprawnych
Pezet, Auer Dom nad wodą
62%
Bruno Mars with. Rose APT
46%
Sobel, francis, Deemz KOCHASZ?
44%
Bruno Mars, Lady Gaga Die with a smile
33%
Kleks, sobel, sanah Wynalazek Filipa Golarza
29%
Lola Young Messy
19%
Tymek, Urbański Sophia Loren
19%
bambi, FUJ, francis, Def Jam World Tour CZEMU NIE ŚPISZ?!
17%
Mata Lloret de Mar
17%
Dawid Podsiadło Pięknie płyniesz
15%
Sanah Miłośc jest ślepa
13%
Teddy Swims Bad Dreams
12%
Gracie Abrams That's so true
10%
Żabson, Ser Mich Przekaż myśli
8%
The Weekend Playboy Timeless
8%
Bad Bunny DTMF
6%
O tso chodzi Iohleq WSZYSTKO MIJA
6%
Gigi Perez Sailor Song
4%
Billie Eilish Birds of feather
2%
PRO8B3M Na ostatnią chwilę
2%
Nie znaleziono quizów pasujących do podanych kryteriów
Rozkład punktacji
Procent ludzi z każdym wynikiem
Percentyl według liczby udzielonych odpowiedzi
Twoja historia wyników
Nie rozwiązałeś tego quizu